00890nam a22002057a 4500999001900000005001700019008004000036020001600076050002100092245014800113250001100261260011000272300002800382650002600410650004300436700002900479700002800508942001300536952013500549 c146414d14641220190122110206.0190122b mx||||| |||| 00| 0 spa d a9686022975304aJL1281bD55 200200aDilemas de la democracia en Mexico : blos actores sociales ante la representación política / cDavid Recondo y Aline Hemond, coordinadores a1a ed. aMéxico :bCentro Frances de Estudios Mexicanos y Centroamericanos : Instituto Federal Electoral, c2002 a357 p. :bil. ;c22 cm. 4aDemocracia xMéxico 4aMéxico xPolitica y gobierno y1994-1 aRecondo, David, ecoord.1 aHemond, Aline, ecoord. 2lcccLIB 102lcc4070aLIC-020bLIC-020cGENERALd2019-01-22eDONf1a ediHkEHoJL1281 D55 2002pBFF000031825r2019-01-22 00:00:00t1yLIB